LEADER 01077nam a2200289 a 4500 001 000000126601 003 CaOOAMICUS 005 20111021133309.0 008 111021s2011 it u000 u ita r 020 $a978-88-15-15059-2 040 $aPUL$bita 082 0 $a126 100 1 $aCosta, Vincenzo,$d1964-$0(OLS)http://pul/name/34421 245 10$aAlterità /$cVincenzo Costa. 260 $aBologna :$bIl Mulino,$cc2011. 300 $a215 p. ;$c21 cm. 490 1 $aLessico della filosofia ;$v7 650 04$aAlterità.$0(OLS)http://pul/subject/38267 830 0$aLessico della filosofia ;$v7.$0(OLS)http://pul/title/146157 850 $aPUL 852 $aPUL$W1$xSL Filosofia 3$y81$m126 COSVI 1$j146383$qDDC 21$q $B145095$CPULBib$Z2$F145095 $H118080 $81 941 1 $a9 996 $6020$a978-88-15-15059-2$9(OLS)http://pul/number/148184 996 $6082$a126$9(OLS)http://pul/classification/1787 996 $6245$aAlterità$9(OLS)http://pul/title/159909 996 $6260$aBologna :$bIl Mulino$9(OLS)http://pul/publisher/47928 LEADER 01655nam a2200337 a 4500 001 000000128530 003 CaOOAMICUS 005 20120424100809.0 008 120424s2010 sp 000 0 spa r 020 $a978-84-7299-879-7 040 $aPUL$bita 082 04$a261.8 245 00$aCaridad en la verdad :$bcomentario a la encíclica Caritas in veritate, de Benedicto XVI /$cAngel Galindo García y José-Román Flecha Andrés (coord.) 260 $aSalamanca :$bUniversidad Pontificia de Salamanca,$c2010. 300 $a281 p. ;$c21 cm. 490 1 $aEnsayos de teología ;$v004 500 $aIn testa al front.: Profesores de la Universidad Pontificia de Salamanca. 500 $aSul front.: Fundación Pablo VI. 504 $aBibliografia in nota. 610 24$aPapi (2005-2013 : Benedictus XVI)$tCaritas in veritate$xCommenti.$0(OLS)http://pul/subject/37201 700 1 $aFlecha Andrés, José-Román,$csac.,$d1941-$0(OLS)http://pul/name/35651 700 1 $aGalindo García, Angel.$0(OLS)http://pul/name/35889 830 0$aEnsayos de teología ;$v004.$0(OLS)http://pul/title/141737 850 $aPUL 852 $aPUL$W1$xSL Religione 3$y85$m261. 8 UPSA 1$j148857$qDDC 21$B147386$CPULBib$Z2$F147386 $H114820 $82 941 1 $a9 996 $6020$a978-84-7299-879-7$9(OLS)http://pul/number/149489 996 $6082$a261.8$9(OLS)http://pul/classification/367 996 $6245$aCaridad en la verdad :$bcomentario a la encíclica Caritas in veritate, de Benedicto XVI$9(OLS)http://pul/title/162410 996 $6260$aSalamanca :$bUniversidad Pontificia de Salamanca$9(OLS)http://pul/publisher/49541